Capitales du Monde du Nord au Sud - Statistiques

Statistiques générales
  • Ce quiz a été pris 8 fois
  • Le résultat moyen est 26 sur 199
Statistiques - réponses
Hint Réponse % Correct
64.15N Reykjavik
100%
60.17N Helsinki
86%
59.91N Oslo
86%
52.37N Amsterdam
43%
51.17N Astana
43%
52.52N Berlin
43%
48.13N Bratislava
43%
50.85N Bruxelles
43%
55.67N Copenhague
43%
53.33N Dublin
43%
50.45N Kiev
43%
49.6N Luxembourg
43%
53.9N Minsk
43%
55.76N Moscou
43%
47.92N Oulan Bator
43%
48.85N Paris
43%
50.08N Prague
43%
56.95N Riga
43%
59.33N Stockholm
43%
59.44N Tallinn
43%
52.23N Varsovie
43%
48.2N Vienne
43%
54.68N Vilnius
43%
41.28S Wellington
43%
37.93N Achgabat
29%
42.5N Andorre la vieille
29%
37.97N Athenes
29%
44.82N Belgrade
29%
46.95N Berne
29%
42.87N Bichkek
29%
44.42N Bucarest
29%
47.47N Budapest
29%
35.3S Canberra
29%
47N Chisinau
29%
38.53N Douchanbe
29%
35.88N La Valette
29%
46.05N Ljubljana
29%
51.5N Londres
29%
40.38N Madrid
29%
43.72N Monaco
29%
34.88S Montevideo
29%
45.42N Ottawa
29%
39.9N Pekin
29%
42.43N Podgorica
29%
25.73S Pretoria
29%
42.67N Pristina
29%
43.93N Saint Marin
29%
42.7N Sofia
29%
41.32N Tirana
29%
47.13N Vaduz
29%
41.9N Vatican
29%
38.9N Washington
29%
45.82N Zagreb
29%
36.77N Alger
14%
39.87N Ankara
14%
17.3N Basseterre
14%
29.12S Bloemfontein
14%
13.1N Bridgetown
14%
34.6S Buenos Aires
14%
10.5N Caracas
14%
14.02N Castries
14%
33.5N Damas
14%
6.8N Georgetown
14%
34.53N Kaboul
14%
17.98N Kingston
14%
13.15N Kingstown
14%
23.13N La Havane
14%
30.05N Le Caire
14%
33.92S Le Cap
14%
38.7N Lisbonne
14%
25.97S Maputo
14%
29.3S Maseru
14%
26.32S Mbabane
14%
25.07N Nassau
14%
35.17N Nicosie
14%
5.87N Paramaribo
14%
18.53N Port-au-Prince
14%
10.67N Port d'Espagne
14%
20.15S Port Louis
14%
39.02N Pyongyang
14%
0.25S Quito
14%
34.03N Rabat
14%
41.9N Rome
14%
15.3N Roseau
14%
18.47N Saint-Domingue
14%
12.05N Saint George's
14%
17.12N Saint John's
14%
33.45S Santiago
14%
43.87N Sarajevo
14%
37.55N Seoul
14%
42N Skopje
14%
41.27N Tachkent
14%
35.68N Teheran
14%
35.68N Tokyo
14%
32.9N Tripoli
14%
36.8N Tunis
14%
24.47N Abou Dabi
0%
9.07N Abuja
0%
5.55N Accra
0%
9.02N Addis Abeba
0%
31.93N Amman
0%
18.93S Antananarivo
0%
13.83S Apia
0%
15.33N Asmara
0%
25.27S Asuncion
0%
33.33N Bagdad
0%
40.38N Bakou
0%
12.65N Bamako
0%
4.88N Bandar Seri Begawan
0%
13.75N Bangkok
0%
4.37N Bangui
0%
13.45N Banjul
0%
17.25N Belmopan
0%
33.88N Beyrouth
0%
11.85N Bissau
0%
4.58N Bogota
0%
15.78S Brasilia
0%
4.27S Brazzaville
0%
9.52N Conakry
0%
23.73N Dacca
0%
14.68N Dakar
0%
8.57S Dili
0%
11.58N Djibouti
0%
4.85N Djouba
0%
6.17S Dodoma
0%
25.28N Doha
0%
40.18N Erevan
0%
8.48N Freetown
0%
8.52S Funafuti
0%
24.65S Gaborone
0%
3.43S Gitega
0%
14.6N Guatemala
0%
21.03N Hanoi
0%
17.85S Harare
0%
9.43S Honiara
0%
33.72N Islamabad
0%
6.2S Jakarta
0%
31.77N Jerusalem
0%
0.3N Kampala
0%
27.7N Katmandou
0%
15.63N Khartoum
0%
1.93S Kigali
0%
4.32S Kinshasa
0%
29.37N Koweit
0%
3.13N Kuala Lumpur
0%
16.5S La Paz
0%
0.38N Libreville
0%
13.98S Lilongwe
0%
12.03S Lima
0%
6.12N Lome
0%
8.83S Luanda
0%
15.42S Lusaka
0%
7.07N Majuro
0%
3.75N Malabo
0%
4.17N Male
0%
12.13N Managua
0%
26.22N Manama
0%
14.58N Manille
0%
23.6N Mascate
0%
19.43N Mexico
0%
2.03N Mogadiscio
0%
6.3N Monrovia
0%
11.68S Moroni
0%
1.28S Nairobi
0%
19.75N Naypyidaw
0%
12.1N N'Djamena
0%
28.6N New Delhi
0%
7.48N Ngerulmud
0%
13.52N Niamey
0%
18.1N Nouakchott
0%
21.13S Nuku'alofa
0%
12.35N Ouagadougou
0%
6.92N Palikir
0%
8.98N Panama
0%
11.55N Phnom Penh
0%
9.5S Port Moresby
0%
6.48N Porto-Novo
0%
17.75S Port Vila
0%
14.92N Praia
0%
24.63N Riyad
0%
15.33N Sanaa
0%
9.93N San Jose
0%
13.68N San Salvador
0%
0.33N Sao Tomé
0%
1.28N Singapour
0%
6.9N Sri Jayawardenapura Kotte
0%
19.02S Sucre
0%
18.13S Suva
0%
25.03N Taipei
0%
1.43N Tarawa
0%
41.72N Tbilissi
0%
14.1N Tegucigalpa
0%
27.47N Thimphou
0%
4.62S Victoria
0%
17.97N Vientiane
0%
22.57S Windhoek
0%
6.82N Yamoussoukro
0%
3.87N Yaounde
0%
0.53S Yaren
0%
Aucun quiz correspondant
Distribution des résultats
% des personnes avec chaque résultat
Percentile par nombre de réponses
Votre historique - résultats
Vous n’avez pas pris ce quiz